Worst NBA teams over the past 25 years - Statistics

General Stats
  • This quiz has been taken 68 times
  • The average score is 19 of 26
Answer Stats
Hint Answer % Correct
2024 pistons
92%
2023 pistons
92%
2002 warriors/bulls
86%
2025 bulls
81%
2001 bulls
81%
2008 heat
76%
2017 nets
76%
2010 nets
76%
2003 nuggets/cavaliers
76%
2020 warriors
76%
2019 knicks
75%
2016 76ers
73%
2005 hawks
71%
2000 clippers
69%
2014 bucks
68%
2009 kings
68%
2022 magic
68%
2013 magic
68%
2004 magic
68%
2018 suns
68%
2021 rockets
66%
2007 grizzlies
64%
2015 timberwolves
63%
2011 timberwolves
63%
2006 trailblazers
63%
2012 bobcats
47%
No matching quizzes found
Score Distribution
Percent of People with Each Score
Percentile by Number Answered
Your Score History
You have not taken this quiz